English Villages to Counties — Click Quiz #2 - Statistics

General Stats
  • This quiz has been taken 288 times
  • The average score is 5 of 15
Answer Stats
Hint Answer % Correct
Grasmere Cumbria
65%
Lavenham Suffolk
55%
Westbury-sub-Mendip Somerset
47%
Brockenhurst Hampshire
43%
Grimethorpe South Yorkshire
38%
West Wittering West Sussex
36%
Aldermaston Berkshire
35%
Ingoldmells Lincolnshire
33%
Naseby Northamptonshire
33%
Staithes North Yorkshire
33%
Bibury Gloucestershire
27%
Castle Combe Wiltshire
27%
Much Marcle Herefordshire
21%
Havering-atte-Bower Greater London
20%
Diggle Greater Manchester
17%
No matching quizzes found
Score Distribution
Percent of People with Each Score
Percentile by Number Answered
Your Score History
You have not taken this quiz